| 000 | 01306nam0a2200325 i 4500 | ||
|---|---|---|---|
| 001 | RU\NLR\BIBL_A\011201537 | ||
| 005 | 20240921171924.0 | ||
| 010 |
_a9785905991127 _91500 |
||
| 021 |
_aRU _b2016-61371 _93901 |
||
| 035 | _a(NILC)RuMoRGB-008571158 | ||
| 035 | _a(NLR Aleph) 011201537 | ||
| 090 |
_a11925359 _c11925359 |
||
| 100 | _a20160826d2015 um y0rusy50 ca | ||
| 101 | 0 | _arus | |
| 102 | _aRU | ||
| 105 | _aac||g|||001yy | ||
| 200 | 1 |
_aАзбука Новоуральского городского округа. Природа _f[сост.: Акилова А. А. и др.] |
|
| 210 |
_aВерхний Тагил _cУральское провинциальное издательство _d2015 |
||
| 215 |
_a179, [4] с. _cцв. ил., портр. _d22 |
||
| 320 | _aБиблиогр. в конце ст. | ||
| 320 | _aАлф. указ. в конце кн. | ||
| 517 | 1 | _aПрирода | |
| 606 | 1 |
_aПрирода _yНовоуральский городской округ (Свердловская область) _92297420 _3RU\NLR\AUTH\6601602497 |
|
| 686 | 1 | _aД829(2Р36-4Св) | |
| 702 | 1 |
_aАкилова _bА. А. _gАнгелина Архиповна _4220 |
|
| 801 | 0 |
_aRU _bРГБ _c20160805 _gRCR |
|
| 942 | _cBOOK | ||
| 980 | _aNBR | ||